Bytový dom

Enregistré dans:
Détails bibliographiques
Auteur principal: Farkaš, Milan (Auteur)
Autres auteurs: Vavrovič, Boris (Directeur de thèse)
Format: Manuscrit Livre
Langue:slovaque
Publié: 2025
Sujets:
Accès en ligne:http://is.stuba.sk/zp/portal_zp.pl?podrobnosti=167518
CRZP
Tags: Ajouter un tag
Pas de tags, Soyez le premier à ajouter un tag!

MARC

LEADER 00000ntm a22000003a 4500
001 stuzp105028
003 SK-STU
005 20250722145219.9
007 ta
008 150427s2015----xo-----f-mn---000-0-slo-d
040 |a STU  |b slo 
041 0 |a slo 
100 1 |a Farkaš, Milan  |u 010180  |4 aut  |U SvF Stavebná fakulta  |T SvF Katedra konštrukcií pozemných stavieb  |X 114900  |U V180  |Y 18  |7 114900 
242 0 1 |a Flat building  |y eng 
245 1 0 |a Bytový dom 
260 |c 2025 
650 4 |a Šoporňa  |2 slo 
650 4 |a železobetón  |2 slo 
650 4 |a projektová dokumentácia  |2 slo 
650 4 |a bytový dom  |2 slo 
650 4 |a Šoporňa  |2 eng 
650 4 |a reinforced concrete  |2 eng 
650 4 |a apartment building  |2 eng 
650 4 |a project documentation  |2 eng 
700 1 |a Vavrovič, Boris  |u 010180  |k Z1  |4 ths  |U SvF Stavebná fakulta  |T SvF Katedra konštrukcií pozemných stavieb  |X 619  |U V180  |Y 18  |7 A000000619 
856 4 |u http://is.stuba.sk/zp/portal_zp.pl?podrobnosti=167518 
856 4 |u https://opac.crzp.sk/?fn=detailBiblioForm&sid=12BF14ADF430A4F4BBF55AB4236B  |z CRZP